Govt. of
Madhya Pradesh

Report on Naga Hills (Record no. 5420)

MARC details
000 -LEADER
fixed length control field 004380000a22001810004500
003 - CONTROL NUMBER IDENTIFIER
control field MACL
005 - DATE AND TIME OF LATEST TRANSACTION
control field 20151004131545.0
008 - FIXED-LENGTH DATA ELEMENTS--GENERAL INFORMATION
fixed length control field 151004b xxu||||| |||| 00| 0 eng d
040 ## - CATALOGING SOURCE
Original cataloging agency MACL
Transcribing agency MACL
041 ## - LANGUAGE CODE
Language code of text/sound track or separate title English
082 ## - DEWEY DECIMAL CLASSIFICATION NUMBER
Classification number 910/HUT
100 ## - MAIN ENTRY--PERSONAL NAME
Personal name Hutton , J
9 (RLIN) 13628
245 ## - TITLE STATEMENT
Title Report on Naga Hills
260 ## - PUBLICATION, DISTRIBUTION, ETC. (IMPRINT)
Name of publisher, distributor, etc. Mittal Publication
Date of publication, distribution, etc. 1986
Place of publication, distribution, etc. Delhi
350 ## - PRICE (NR) (BK AM CF MU VM SE) [OBSOLETE]
Price 100
650 ## - SUBJECT ADDED ENTRY--TOPICAL TERM
Topical term or geographic name as entry element Geography & Travels
9 (RLIN) 13629
942 ## - ADDED ENTRY ELEMENTS (KOHA)
Koha item type Books
Call number prefix 910
Source of classification or shelving scheme
Holdings
Withdrawn status Lost status Source of classification or shelving scheme Damaged status Not for loan Home library Current library Date acquired Cost, normal purchase price Total Checkouts Full call number Barcode Date last seen Uniform Resource Identifier Price effective from Koha item type
          MACL MACL 15/04/2015 100.00   910/HUT CRE003652 02/05/2024 5371 15/04/2015 Books